Normal view MARC view
  • PHD YAMIN,TUGHRAL

Entry Personal Name

Number of records used in: 1

001 - CONTROL NUMBER

  • control field: 133158

003 - CONTROL NUMBER IDENTIFIER

  • control field: NUST

005 - DATE AND TIME OF LATEST TRANSACTION

  • control field: 20260211125229.0

008 - FIXED-LENGTH DATA ELEMENTS

  • fixed length control field: 260211|| aca||aabn | a|a d

040 ## - CATALOGING SOURCE

  • Original cataloging agency: NUST
  • Transcribing agency: NUST

100 ## - HEADING--PERSONAL NAME

  • Personal name: PHD YAMIN,TUGHRAL

670 ## - SOURCE DATA FOUND

  • Source citation: Work cat.: (NUST): PHD YAMIN,TUGHRAL., THE EVOLUTION OF NUCLEAR DETERRENCE IN SOUTH ASIA /, 1927.
© 2023 Central Library, National University of Sciences and Technology. All Rights Reserved.